000 00515nam a2200193Ia 4500
005 20250923144442.0
008 008 250917s9999 xx 000 0 eng d
037 _aTextual
040 _aDSWL
_beng
_cDSWL
041 _aeng
_2eng
084 _qDSWL
245 0 _aGandhiana (Bibliography & Gandhiana literature)
_cEd.by P.G. Deshpande
260 _aAhemdabad
_bPublishing House India
_c1948
300 _axii,239p.
365 _aINR
_b34
925 _g34
942 _cTEXL
999 _c1439045
_d1439045